| 000 | 01074nmm a2200313 a 4500 | ||
|---|---|---|---|
| 001 | ocm000891451 | ||
| 003 | TR-IsHL | ||
| 005 | 20201028144603.0 | ||
| 008 | 141121s2012 tu tur | ||
| 007 | cr cn | ||
| 020 | _a9786055394240 | ||
| 035 |
_a891451 _b(N$T) |
||
| 050 | 0 | 4 |
_aLB2353.26.T9 _bY38 2012 |
| 090 | 0 | 4 |
_aLB2353.26.T9 _bY38 2012 |
| 100 | 1 | _aYaşa, Fuat | |
| 245 | 1 | 0 |
_aÜniversiteye giden başarı yolu _h[electronic resource] / _cFuat Yaşa ; editör Ebru Alemdağ |
| 250 | _a1. bsk. | ||
| 260 |
_aİstanbul : _bYediveren Yayınları, _c2012 |
||
| 300 | _a145 p. | ||
| 650 | 4 | _aEğitim | |
| 650 | 4 | _aEducation | |
| 650 | 0 |
_aÜniversiteler ve kolejler _x Türkiye _x Giriş sınavları |
|
| 650 | 0 |
_aUniversities and colleges _x Turkey _x Entrance examinations |
|
| 650 | 0 |
_aÜniversite sınavı _x Başarı |
|
| 650 | 0 |
_aUniversities and colleges _x Admission |
|
| 650 | 7 |
_aEDUCATION / Higher _2bisacsh |
|
| 700 | 1 | _aAlemdağ, Ebru | |
| 856 | 4 | 0 | _uhttp://search.ebscohost.com/login.aspx?direct=true&scope=site&db=e011xww&AN=891451 |
| 999 |
_c9504 _d9504 |
||